01378nam a22002297a 450000500170000000800410001702000180005804000070007604100080008308200170009110000240010824500330013226000330016530000260019836500980022452006940032265000130101665000250102965000250105465000420107970000270112120260312142511.0260309b |||||||| |||| 00| 0 eng d a9788131709771 cAL aeng a025.04bBAEM aRicardo Baeza Yates aModern information retrieval aUttar PradeshbPearsonc2024 axx,513p.bPBc24x18cm 2Information Science and EngineeringaABDI/0854/26b₹780.00c₹d₹1040.00e25%f19-2-2026 aAbout the Book: Modern Information Retrieval We live in the information age, where swift access to relevant information in whatever form or medium can dictate the success or failure of businesses or individuals. The timely provision of relevant information with minimal noise is critical to modern society and this is what information retrieval (IR) is all about. It is a dynamic subject, with current changes driven by the expansion of the World Wide Web, the advent of modern and inexpensive graphical user interfaces and the development of reliable and low-cost mass storage devices. Modern Information Retrieval discusses all these changes in great detail and can be used for read more aModeling aRetrieval Evaluation aMultimedia Languages aLibraries and Bibliographical Systems aRibeiro Neto, Berthier